From initial education to working life making transitions work

Salvato in:
Dettagli Bibliografici
Natura: Libro
Lingua:inglese
Pubblicazione: Paris OECD 2000
Serie:Education and skills
Soggetti:
Tags: Aggiungi Tag
Nessun Tag, puoi essere il primo ad aggiungerne!!

MARC

LEADER 00000nam a2200000 4500
001 c124005
005 20221221084331.5
020 |a 92-64-17631-4 
041 0 |a eng 
044 |a FR 
245 1 0 |a From initial education to working life  |b making transitions work 
264 1 |a Paris  |b OECD  |c 2000 
300 |a 203 s. 
490 1 |a Education and skills 
830 0 |a Education and skills 
610 2 0 |a výchova 
610 2 0 |a vzdelanie 
610 2 0 |a práca 
610 2 0 |a procesy sociálno-ekonomické 
610 2 0 |a proces pracovný 
610 2 0 |a vzdelávanie 
610 2 0 |a zamestnanosť 
610 2 0 |a populácia 
610 2 0 |a nezamestnanosť 
610 2 0 |a údaje štatistické 
610 2 0 |a OECD